Normal view
MARC view
Entry Personal Name
001 - CONTROL NUMBER
- control field: 2611
003 - CONTROL NUMBER IDENTIFIER
- control field: OSt
005 - DATE AND TIME OF LATEST TRANSACTION
- control field: 20220131080759.0
008 - FIXED-LENGTH DATA ELEMENTS
- fixed length control field: 220131|| aca||aabn | a|a d
040 ## - CATALOGING SOURCE
- Original cataloging agency: OSt
- Transcribing agency: OSt
100 ## - HEADING--PERSONAL NAME
- Personal name: Chang, Jade
670 ## - SOURCE DATA FOUND
- Source citation: Work cat.: (OSt)0: Chang, Jade, Wangovci verzus svet, 2017